|
|
|
|
| LEADER |
01008nam a2200217 i 4500 |
| 001 |
acta70247 |
| 005 |
20250404101944.0 |
| 008 |
200828s2012 hu o 000 hun d |
| 020 |
|
|
|a 978 963 306 182 4
|
| 022 |
|
|
|a 1419-1288
|
| 040 |
|
|
|a SZTE Egyetemi Kiadványok Repozitórium
|b hun
|
| 041 |
|
|
|a hun
|
| 100 |
1 |
|
|a Frauhammer Krisztina
|
| 245 |
1 |
0 |
|a Írásba foglalt vágyak és imák
|h [elektronikus dokumentum] :
|b magyar kegyhelyek vendégkönyveinek összehasonlító elemzése /
|c Frauhammer Krisztina
|
| 260 |
|
|
|a Néprajzi és Kulturális Antropológiai Tanszék
|b Szeged
|c 2012
|
| 300 |
|
|
|a 248 p.
|c 24 cm
|
| 490 |
0 |
|
|a Szegedi vallási néprajzi könyvtár
|
| 650 |
|
4 |
|a Bölcsészettudományok
|
| 650 |
|
4 |
|a Filozófia, etika és vallástudományok
|
| 695 |
|
|
|a Vallási néprajz - magyar - Kárpát-medence, Valláslélektan - tanulmányok, Ima - népi - magyar, Búcsú - Magyarország, Kegyhely - Magyarország
|
| 856 |
4 |
0 |
|u http://acta.bibl.u-szeged.hu/70247/1/szegedi_vallasi_032.pdf
|z Dokumentum-elérés
|